Central Library OPAC University of Rajshahi

A=B : (Record no. 32317)

MARC details
000 -LEADER
fixed length control field 00659nam a22002177a 4500
001 - CONTROL NUMBER
control field 32317
003 - CONTROL NUMBER IDENTIFIER
rucl marc code BD-RjUL
005 - DATE AND TIME OF LATEST TRANSACTION
control field 20211209051821.0
008 - FIXED-LENGTH DATA ELEMENTS--GENERAL INFORMATION
fixed length control field 140426s1976 ii |b 001 | eng d
035 ## - SYSTEM CONTROL NUMBER
System control number (BD-RjUL)32406
040 ## - CATALOGING SOURCE
Original cataloging agency BD-RjUL
Language of cataloging eng
Transcribing agency BD-RjUL
041 ## - LANGUAGE CODE
Language code of text/sound track or separate title eng
082 04 - DEWEY DECIMAL CLASSIFICATION NUMBER
Edition number 19
Classification number 294.59218
Author mark and year FEA 1976
100 1# - MAIN ENTRY--PERSONAL NAME
Personal name Feys, J.
9 (RLIN) 98315
245 10 - TITLE STATEMENT
Title A=B :
Remainder of title an enquiry into the Upanishads' basic insight /
Statement of responsibility, etc. J. Feys.
260 ## - PUBLICATION, DISTRIBUTION, ETC. (IMPRINT)
Place of publication, distribution, etc. Calcutta :
Name of publisher, distributor, etc. Firma KLM,
Date of publication, distribution, etc. 1976.
300 ## - PHYSICAL DESCRIPTION
Pagination 64 p. ; |c 24 cm.
504 ## - BIBLIOGRAPHY, ETC. NOTE
Bibliography, etc Includes bibliographical references and index.
650 ## - SUBJECT ADDED ENTRY--TOPICAL TERM
Topical term or geographic name as entry element Upanishads
General subdivision Criticism, interpretation, etc.
9 (RLIN) 98316
942 ## - ADDED ENTRY ELEMENTS (KOHA)
Source of classification or shelving scheme Dewey Decimal Classification
Koha item type Books
Holdings
Lost status Source of classification or shelving scheme Damaged status Not for loan Permanent Location Current Location Shelving location Date acquired Source of acquisition Cost, normal purchase price Total Checkouts Full call number Date last seen Copy number Koha item type Date checked out
  Dewey Decimal Classification   Not For Loan Central Library, University of Rajshahi Central Library, University of Rajshahi Reading Room 06/03/1979 India Int. 16.00   294.59218 FEA 1976 26/04/2014 C-1 Books  
  Dewey Decimal Classification     Central Library, University of Rajshahi Central Library, University of Rajshahi   06/03/1979 India Int. 16.00 1 294.59218 FEA 1976 20/10/2016 C-2 Books 26/12/2015